MDQL
is popping MORE tags! Check the
thread
!
Quizzes
Events
Quiz Creation
Community
Videos
Private Events
Remove Ads
Sign In
Join for FREE
Feedback
Dark Mode
Quiz Categories
Sports
Geography
Music
Movies
Television
Just For Fun
Miscellaneous
History
Literature
Language
Science
Gaming
Entertainment
Religion
Holiday
For Kids
Quiz Lab
Recent
Popular Today
Quiz Kudos Today
Editor Picks
Curator Picks
Quizzes by...
Day
Popularity
Type
Ratings
Length
Year
Community
Subscriptions
Recent Discussions
Orange Saloon
Badges
Playlists
Quests
Create
Leaderboards
Showdown
Live 5
Trivia Bingo
Activity
Puzzle Library
Sporcle Events
Private Events
Virtual Trivia
Globe League
Become a Host
Pub Owners
SporcleCon
Opinionation
Our Games
Videos
Blog
Mobile Apps
Partnerships
Remove Ads and Go Orange
Feedback
Literature
Harry Potter
A Song of Ice and Fire
The Hunger Games
Literary Character
Shakespeare
Book
Author
Novel
Poem
Young Adult
Children's Books
Play
Lord of the Rings
Literature
Harry Potter
A Song of Ice and Fire
The Hunger Games
Literary Character
Shakespeare
Book
Author
Novel
Poem
Young Adult
Children's Books
Play
Lord of the Rings
Random Quiz
Search Sporcle
×
Quiz Lab
Quiz Lab
Literature
Harry Potter
Type in answers that appear in a list
Type in answers that appear in a list
Classic
Best Score? Go Orange.
J. K. Rowling vs. Stephanie Meyer Stats
Can you name the facts about J.K. Rowling and Stephanie Meyer?
By
ShabamShabam
3m
26 Questions
399 Plays
399 Plays
399 Plays
Comments
Comments
Give Quiz Kudos
Give Quiz Kudos
-
- Ratings
hide this ad
Replay
Link that replays current quiz
Next Quiz
Link to next quiz in quiz playlist
You Got
0%
They Got
Avg Score
50%
Avg Friend Score
Upgrade to see
Score Distribution
Jump to the score distribution portion of the page
Score
0/26
Timer
03:00
0
Plays Today
Clue
Fact
% Correct
J.K. Rowling
7
94.2%
J.K. Rowling
Harry Potter
91.2%
Stephanie Meyer
4
90.2%
Stephanie Meyer
20
90%
Stephanie Meyer
Twilight
88.2%
J.K. Rowling
3
85.7%
Stephanie Meyer
3
85.5%
J.K. Rowling
2001
77.4%
J.K. Rowling
1997
76.4%
Stephanie Meyer
2008
74.2%
Stephanie Meyer
2008
74.2%
Stephanie Meyer
2005
69.7%
J.K. Rowling
2007
68.9%
Clue
Fact
% Correct
J.K. Rowling
1965
41.1%
J.K. Rowling
Warner Bros.
40.9%
Stephanie Meyer
1973
33.3%
J.K. Rowling
Chris Columbus
31.8%
J.K. Rowling
Bloomsbury
21.3%
J.K. Rowling
69
17.3%
Stephanie Meyer
Summit Entertainment
17.3%
Stephanie Meyer
Catherine Hardwicke
11.3%
Stephanie Meyer
Brigham Young
9.3%
Stephanie Meyer
Little, Brown & Co.
9%
J.K. Rowling
Yate, Gloucestershire, England
8.8%
J.K. Rowling
Exeter
8.8%
Stephanie Meyer
Hartford, CT
4.5%
Quiz Playlist
Details
Report
Send in Message
Add To Playlist
Classic:
Type in answers that appear in a list
Quiz Source
Last Updated: Feb 16, 2017
Quiz Scoreboard
CHALLENGE
Sign Up to Join the Scoreboard
Show All
Scores
Hide
Comments
May contain spoilers
Recently Published
Holiday 10x10 Sorting Gallery
by lukepisani3
Holiday
15m
Two Season TV Shows II
by 123Four
Television
10m
Image Sorting: Flags VI
by Barbecue
Geography
2m
More to Explore
Quiz From the Vault
Featured Blog Post
14 Easter Pick-up Lines to Find Eggs With
hide this ad
You Might Also Like...
Tags
Harry Potter Quiz
J.K. Rowling
Stephenie Meyer
Twilight
Today's Top Quizzes in Literature
Browse Literature
hide this ad
Today's Top Quizzes in Harry Potter
Browse Harry Potter
Top Contributed Quizzes in Literature
1
Sneaky Slytherin Logic Puzzle
2
Game of Thrones: Hodor
3
Harry Potter logic puzzle: The Hogwarts Soap Opera
4
Criteria Quiz: Harry Potter Deaths
5
Moaning Myrtle's Bathroom: Logic Puzzle
6
Get The Picture: Black or White Literature
7
50 Books...Fast and Fatal!
8
Logic Puzzle: Avoid Dumbledore's Army
9
'Middle' Earth
10
Weasley Family Reunion: Logic Puzzle
Explore More
Trending Topics
Crossword
Kpop
Disney
Anime
Marvel
Harry Potter
NBA
Pokémon
Country
WWE
Puzzle
The Office
Song
Soccer
NFL
hide this ad
More By:
ShabamShabam
Quiz
Plays
Rating
Category
Featured
Created
Cartoons Grab Bag
139,458
4.40
Television
Dec 27, 2010
Sports Leagues By Initials
90,186
4.48
Sports
Oct 10, 2010
Big 4 Consecutive Championship Losers
88,390
4.50
Sports
Sep 25, 2010
MLB Single Season Hits Leaders
45,900
4.68
Sports
Jun 18, 2011
Advertising Slogans in Other Words
23,385
3.90
Entertainment
Feb 27, 2011
Go to Creator's Profile
Score Distribution
Quiz Creator Spotlight
ShabamShabam
Follow
Send a Message
Quizzes Created
-
Created Quiz Play Count
-
More By This Creator
Popular Quizzes Today
1
Find the US States - No Outlines Minefield
2
Colored Red Africa Blitz
3
Find the 'City' Movie
4
The Countries of the World
5
Find the US States
6
5x2 Blitz: Bands
7
Find the Countries of Europe - No Outlines Minefield
8
US States
More Literature Quizzes
Book Titles: Definitions Without Words
Editor's Pick
Trending Quizzes
Colored Red Europe Blitz I
Colored Red Europe Blitz II
Colored Red Africa Blitz II
Colored Red Africa Blitz III
Colored Red Europe Blitz III
Recently Updated
Odd Team Out - Big 4 Players
pecheneg
Quick Pick: 20 Twenties
pecheneg
March Madness Men's Triple Doubles
pecheneg
How Do You Spell That?
pecheneg
Godzilla Movies
pecheneg
Grab Bag: 4-10 Letters
pecheneg
2024 March Madness Bracket
pecheneg
Famous TV Couples
Peacemaker
Champions League XIs: Real Madrid
pecheneg
Largest US Cities 1790-2010
pecheneg
Trending Topics
NBA
Anime
Marvel
Disney
Crossword
Harry Potter
Kpop
NFL
Pokémon
Country
Song
Soccer
WWE
The Office
Puzzle
Your Account Isn't Verified!
In order to create a playlist on Sporcle, you need to verify the email address you used during registration. Go to your
Sporcle Settings
to finish the process.
Report this User
Report this user for behavior that violates our
Community Guidelines
.
Details:
Send Report
Go to the Sporcle.com Mobile Site →
Comments